| 000 | 00812cam a22001814a 4500 | ||
|---|---|---|---|
| 005 | 20250605164403.0 | ||
| 008 | 250528s ||||||||||||||||||||||||d | ||
| 035 | _a24691 | ||
| 040 |
_aGR-AtMCL _bgre _dGR-AtMCL _eAACR2 |
||
| 245 | 1 | _aΟι Άνθρωποι που Κινούν τα Νήματα στις Τράπεζες, την Ενέργεια και την Αγορά | |
| 260 |
_bMotori Επε, _c2020 |
||
| 300 | _a46 | ||
| 520 | _aΑγωγός Θερμού Επεισοδίου ο EastMed, Ποιές Είναι οι Αξίες που θα Απογειωθούν, Πού θα Ρίξουν το 1,3 δισ. Ευρώ που Γλιτώνουν από Φόρους και Εισφορές. | ||
| 700 | 1 |
_aΚανουπάκης Γιάννης _99504 |
|
| 942 | _cCR | ||
| 999 |
_c9558 _d9558 |
||